000 00978cam a22003377a 4500
003 CHAP
005 20220817043156.0
008 971013s1988 r 00010 d
010 _a67595
011 _a68567
035 _a78040
040 _cCHAP
082 _a338.13
_bF34Y
110 _aFAO
245 0 _aManual sobre ìndices de precios agrícolas
260 _aRoma :
_bFAO,
_c1988
300 _a41 p.
410 _aFAO
490 0 _aDesarrollo económico y social
_v; 74
590 _aBATCH-UPD
_b10
_c20130110
_lUCH01
_h1906
590 _aBATCH-UPD
_b10
_c20130410
_lUCH01
_h1234
590 _aBATCH-UPD
_b10
_c20130914
_lUCH01
_h1344
590 _aCONVERSION
_b10
_c20130109
_lUCH01
_h1337
650 1 4 _aIndice de precios.
_957567
650 1 4 _aProductos agrícolas
_xPrecios.
_992004
810 0 _aFAO
830 0 0 _aDesarrollo económico y social
_v; 74
_932058
901 _aBK
942 _cLIBRO
949 _a338.13 F34Y
_bBC
_cFAO
_d-30913
_eFAO1
_h75108
_i78040
_si
999 _c67595
_d67595